| 000 | 00471nam a2200169 a 4500 | ||
|---|---|---|---|
| 005 | 20140310183508.0 | ||
| 008 | 101020s19uu xx 00 eng d | ||
| 020 | _a9781412959056 | ||
| 050 |
_aP 96.L62 _b.Un63 2010 |
||
| 245 |
_aUnderstanding community media / _cedited by Kevin Howley. |
||
| 260 |
_aLos Angeles : _bSage Publishing, _c2010. |
||
| 300 |
_a410 p. : _c26 cm. |
||
| 521 | _aMC | ||
| 650 | _aLocal mass media. | ||
| 942 |
_cBK _2lcc _kFOR |
||
| 999 |
_c24117 _d24117 |
||